00658cam a2200193 a 450000100100000000500170001000800410002704000320006808200170010010000330011724500150015026000530016530000210021865000260023965000300026591000340029595201200032999900150044900000162720200929145637.0751009s1970 quc 000 f fre  aDO-SdBNPcNcDaDdCaSRUdDLC a843.9bM379m1 aMartin, Claire,d1914-9532014aLes morts. aMontreal :bLe Cercle du Livre de France,c1970. a152 p. ;c19 cm. 4aNovela francesa91075 4aLiteratura francesa91074 aCatalogación por copia / LC 001052708MOaGRbGRcCTd2009-09-18iLF1l0o843.9 M379mp1627-10r2020-06-25w2020-06-25y2ZPréstamo interno c1518d1518